000 00317nam a2200145Ia 4500
100 _aMehta V.G
650 _aGeneral
942 _cBK
654 _aIncome-Tax
245 _aIncome -Tax Ready Reckoner
260 _bShri kuber publication
_aBombay
_c1993
082 _a343
_bMeh
300 _a304
546 _aENGLISH
999 _c26368
_d26368